Strzelcy bramek w 9 kolejce Bundesligi w sezonie 2020/21. - Statystyki

Ogólne statystyki
  • Ten quiz został rozwiązany 8 razy
  • Średni wynik to 8 z 33
Statystyki odpowiedzi
Mecz Piłkarz % Poprawnych
Stuttgart - Bayern 1:2 Lewandowski
86%
Wolfsburg - Werder Brema 5:3 Białek
57%
Wolfsburg - Werder Brema 3:2 Weghorst
57%
Wolfsburg - Werder Brema 4:3 Weghorst
57%
RB Lipsk - Bielefeld 1:0 Angelino
43%
Stuttgart - Bayern 1:1 Coman
43%
Dortmund - Koln 1:2 Hazard
43%
Union Berlin - Frankfurt 2:0 Kruse
43%
Union Berlin - Frankfurt 3:3 Kruse
43%
Monchengladbach - Schalke 3:1 Thuram
43%
Wolfsburg - Werder Brema 2:1 Brooks
29%
Wolfsburg - Werder Brema 3:3 (bramka samobójcza) Brooks
29%
Stuttgart - Bayern 1:0 Coulibaly
29%
Augsburg - Freiburg 0:1 Grifo
29%
Union Berlin - Frankfurt 2:1 Silva
29%
Union Berlin - Frankfurt 2:2 Silva
29%
Union Berlin - Frankfurt 1:0 Andrich
14%
Wolfsburg - Werder Brema 1:1 Baku
14%
Wolfsburg - Werder Brema 0:1 Bittencourt
14%
Stuttgart - Bayern 1:3 Costa
14%
Monchengladbach - Schalke 1:0 Neuhaus
14%
RB Lipsk - Bielefeld 2:0 Nkunku
14%
Mainz - Hoffenheim 1:0 Quaison
14%
Dortmund - Koln 0:1 Skhiri
14%
Dortmund - Koln 0:2 Skhiri
14%
Augsburg - Freiburg 1:1 Vargas
14%
Monchengladbach - Schalke 2:1 Wendt
14%
Mainz - Hoffenheim 1:1 Bebou
0%
Union Berlin - Frankfurt 2:3 Dost
0%
RB Lipsk - Bielefeld 2:1 Klos
0%
Wolfsburg - Werder Brema 2:2 Mohwald
0%
Monchengladbach - Schalke 1:1 Raman
0%
Monchengladbach - Schalke 4:1 Wolf
0%
Nie znaleziono quizów pasujących do podanych kryteriów
Rozkład punktacji
Procent ludzi z każdym wynikiem
Percentyl według liczby udzielonych odpowiedzi
Twoja historia wyników
Nie rozwiązałeś tego quizu